| 000 | 005660000a22002050004500 | ||
|---|---|---|---|
| 003 | LK-CoMWRAF | ||
| 005 | 20231006100211.0 | ||
| 008 | 230817t1984 ||||| |||| 00| 0 eng d | ||
| 020 | _a0195204549 | ||
| 040 |
_aLK-CoMWRAF _dLK-CoMWRAF _eLK-CoMWRAF |
||
| 041 | _aeng | ||
| 082 |
_a297.272 _bRUT |
||
| 100 | _aRuthven, Malise | ||
| 245 | _aIslam in the world | ||
| 260 |
_aNew York : _bOxford University press, _c1984 |
||
| 300 |
_a428p. : map ; 22cm. _bBibliography, glossary and index included |
||
| 650 | _aIslam | ||
| 650 | _aIslam and politics | ||
| 942 | _cBK | ||
| 999 |
_c1377 _d1377 |
||